000 00686cam a2200145 4500500
005 20260208005833.0
041 _afre
042 _adc
100 1 0 _aPernot, Denis
_eauthor
245 0 0 _aANNE AMEND-SÖCHTING, Ichkulte. Formen gebündelter Subjektivität im französichen Fin de Siècle-Roman, Heidelberg, Universitätsverlag C. Winter, « Studia Romanica », Band 106,2001. Un vol. 16,5 × 24 de 388 p.
260 _c2005.
500 _a98
786 0 _nRevue d'histoire littéraire de la France | 105 | 4 | 2005-10-01 | p. 1031v-1076v | 0035-2411
856 4 1 _uhttps://shs.cairn.info/revue-d-histoire-litteraire-de-la-france-2005-4-page-1031v?lang=fr&redirect-ssocas=7080
999 _c1654057
_d1654057